| 000 | 00793nam a2200253Ia 4500 | ||
|---|---|---|---|
| 003 | OSt | ||
| 005 | 20220923211450.0 | ||
| 006 | a|||||r|||| 00| 0 | ||
| 007 | ta | ||
| 008 | Pun | ||
| 020 |
_a9789350687161 (hbk) _c150 |
||
| 024 | _a281,400 | ||
| 037 |
_b901, 25/07/2014, Bright Book Service _cTextual |
||
| 040 |
_aARTS _cARTS _bPun |
||
| 041 |
_2Pun _aPun |
||
| 082 | _aQ8441v, 153Q4 | ||
| 100 | _aਰਾਜਪੁਰਾ, ਅਲੀ | ||
| 245 | 0 | _aਵੱਡਾ ਘੱਲੂਘਾਰਾ 1762 Fਹੀਦੀ ਸਾਕਾ | |
| 260 |
_aਚੰਡੀਗੜ _b ਲੋਕਗੀਤ _c2014 |
||
| 300 |
_a126ਪੰ _ccm. |
||
| 650 | _aਧਰਮ | ||
| 942 |
_hQ8441v, 153Q4 _cTEXL _2CC |
||
| 999 |
_c299798 _d299798 |
||